[Event "Ulm/Neu Ulm-ch"]
[Site "Ulm/Neu Ulm"]
[Date "2005.??.??"]
[Round "?"]
[White "Sauter, Berthold"]
[Black "Spaeth, Daniel"]
[Result "0-1"]
[WhiteElo "1453"]
[BlackElo "1651"]
[PlyCount "58"]
[EventDate "2005.11.26"]
[EventType "swiss"]
[EventRounds "7"]
[EventCountry "GER"]
[SourceTitle "EXT 2011"]
[Source "ChessBase"]
[SourceDate "2010.11.26"]
[SourceVersion "1"]
[SourceVersionDate "2010.11.26"]
[SourceQuality "1"]

1. c4 f5 2. d4 Nf6 3. Nf3 g6 4. Nc3 Bg7 5. e3 0-0 6. Qb3 d6 7. Be2 c6 8. 0-0 Re8 9. c5+ d5 10. Qc2 Nbd7 11. a3 Ne4 12. Rb1 e5 13. b4 Nxc3 14. Qxc3 e4 15. Ne1 b5 16. g3 h5 17. Ng2 Kf7 18. Qe1 Rh8 19. f4 exf3 20. Rxf3 Nf6 21. Nh4 Re8 22. Bd3 Ng4 23. Nxf5 Bxf5 24. Bxf5 gxf5 25. Rxf5+ Kg6 26. Qf1 Rf8 27. Rxf8 Qxf8 28. Bd2 Qxf1+ 29. Rxf1 Bh6 0-1

[Event "Ulm/Neu Ulm-ch"]
[Site "Ulm/Neu Ulm"]
[Date "2004.12.10"]
[Round "7"]
[White "Pletz, Bernd"]
[Black "Sauter, Berthold"]
[Result "1/2-1/2"]
[WhiteElo "1270"]
[BlackElo "1421"]
[PlyCount "44"]
[EventDate "2004.09.17"]
[EventType "swiss"]
[EventRounds "7"]
[EventCountry "GER"]
[SourceTitle "EXT 2011"]
[Source "ChessBase"]
[SourceDate "2010.11.26"]
[SourceVersion "1"]
[SourceVersionDate "2010.11.26"]
[SourceQuality "1"]

1. d4 c6 2. c4 d5 3. Bf4 Nf6 4. e3 Bf5 5. Bd3 Bxd3 6. Qxd3 Ne4 7. f3 Qa5+ 8. Nc3 Nxc3 9. bxc3 dxc4 10. Qxc4 e6 11. Ne2 Be7 12. 0-0 Nd7 13. Rab1 Nb6 14. Qb3 0-0 15. c4 c5 16. Rfe1 Rac8 17. Rbc1 Qa4 18. Qc2 Rfd8 19. Nc3 Qc6 20. Nb5 Ra8 21. Nc7 Rac8 22. Nb5 Ra8 1/2-1/2